Statistics for Provinces of Malaysia by Picture

Click here to take the quiz!

General Stats

  • This quiz has been taken 11 times
  • The average score is 11 of 15

Answer Stats

Answer% Correct
Kuala Lumpur
100%
Johor
80%
Kedah
80%
Kelantan
80%
Perak
80%
Sabah
80%
Sarawak
80%
Melaka
70%
Negeri Sembilan
70%
Pahang
70%
Pulau Pinang
70%
Putrajaya
70%
Selangor
70%
Terengganu
70%
Perlis
60%

Score Distribution

Percentile by Number Answered

Percent of People with Each Score

Your Score History

You have not taken this quiz